Stripline circuit design /

Na minha lista:
Detalhes bibliográficos
Autor principal: Howe, Harlan (Author)
Formato: Livro
Idioma:inglês
Publicado em: Burlilington : Microwave Associates, 1974
Colecção:Modern frontiers in applied science
Tags: Adicionar Tag
Sem tags, seja o primeiro a adicionar uma tag!

MARC

LEADER 00000nam a22000003a 4500
001 stu863
005 20150617225618.3
008 911202s1974----xxu-----------------eng-d
040 |a STU  |b slo 
041 0 |a eng 
044 |a xxu 
080 |a 621.327 
100 1 |a Howe, Harlan  |4 aut 
245 1 |a Stripline circuit design /  |c [aut.] Howe,Harlan 
260 |a Burlilington :  |b Microwave Associates,  |c 1974 
300 |a 344 s :  |b obr.,tab 
830 0 |a Modern frontiers in applied science 
996 |b E36471  |c E*36471  |l EE11  |s P  |a 0  |w stu863_0003